Top Premier League Scorers Since 2010 Quiz Stats

Quiz Updated Apr 3, 2018

Challenge
Share
Tweet
Embed
Score 0/33 Timer 07:00
11 Plays Today
# of Goals Player % Correct
102Wayne Rooney
98.5%
143Sergio Agüero
94.8%
106Robin van Persie
94.1%
105Harry Kane
91.1%
62Jamie Vardy
87.3%
69Luis Suárez
87%
54Frank Lampard
81.3%
49Steven Gerrard
79.4%
62Alexis Sánchez
79.3%
65Jermain Defoe
78.6%
76Olivier Giroud
77.2%
101Romelu Lukaku
75.7%
43Raheem Sterling
75.6%
62Yaya Touré
74%
69Eden Hazard
72.8%
48David Silva
72.7%
58Dimitar Berbatov
72.4%
# of Goals Player % Correct
68Daniel Sturridge
72.1%
52Diego Costa
71.4%
43Demba Ba
70.7%
50Andy Carroll
70.1%
49Peter Crouch
69.1%
67Christian Benteke
68.5%
44Sadio Mané
68.5%
50Edin Dzeko
66.1%
48Juan Mata
66%
59Theo Walcott
62%
58Carlos Tévez
55.3%
45Chicharito
53.2%
46Gylfi Sigurðsson
51.7%
54Coutinho
48.1%
54Steven Fletcher
40.9%
41Christian Ericksen
4.8%

You're not logged in!

Compare scores with friends on all Sporcle quizzes.
Join for Free
OR
Log In

You Might Also Like...

Show Comments

Extras

Top Quizzes Today


Score Distribution

Your Account Isn't Verified!

In order to create a playlist on Sporcle, you need to verify the email address you used during registration. Go to your Sporcle Settings to finish the process.

Report this User

Report this user for behavior that violates our Community Guidelines.

Details: